Escape Quiz - Statistiques

Statistiques générales
  • Ce quiz a été pris 1 808 fois
  • Le résultat moyen est 3 sur 10
Statistiques - réponses
Salle Ce que dit Punky Réponse % Correct
1 Bonjour, je me nomme Punky (c'est un nom de code) et je suis engagé par Mewthree pour vous aider dans votre tâche. Je ne connais pas du tout les énigmes que ce vicieux a élaboré pour vous. Assez parlé, pour passer dans la salle 2, il faut résoudre cette énigme. Que nous dit cette inscription sur le mur? "Arthur - Rachel - Louis - Samantha - ...". Il manque un nom après Samantha. Oh il y a trois noms en-dessous. Anita - André - François. Il faut en placer un pour déverrouiller la porte. Mais lequel? André
100%
2 Ouf, bon, salle 2, et le temps presse. Approchons-nous de l'autel au centre. Oh la la tous ces chiffres, de 1 à 100. Et un texte au centre: "Je suis le premier qui n'est pas premier". Qu'est-ce que ça veut dire? Il faut appuyer sur le bon bouton avec le bon chiffre dessus. Sur lequel appuies-tu? 1
98%
3 La porte s'est ouverte, bien joué. Bon, qu'avons-nous là? "Mon premier se fait en usant du pied, mon second est fatigué, mon dernier peut-être long, court ou plat. Mon tout est un pays". Tu as une idée duquel il s'agit? Palaos
38%
6 Oh et bien, ce n'était pas si simple mais tu t'es débrouillé(e) comme un chef. Elle est immense cette salle 6. Il y a des symboles gravés au sol. On dirait un énorme tableau avec des lettres et des chiffres. Comment? Un tableau périodique? Ça va être facile alors. Voyons la question: "Le nombre détesté des religieux"...? Mais qu'est-ce que ça veut dire? 51
20%
4 Oh bien joué, tu m'impressionnes. Encore une inscription. Encore une devinette: "Avant-hier j'avais 20 ans. L'année prochaine j'aurai 23 ans. Quel jour suis-je né?". On a quatre nombres de 0 à 9 à placer, pas d'espace entre les chiffres et ils peuvent être réutilisés. Tu as une idée? 3112
13%
5 Bien joué, vraiment bien joué. La salle 5 paraît plus petite que les autres. Un stylo? Il est gravé "Écris 51420185" dessus. Il y a une tablette tactile sur la porte. Qu'est-ce-qu'il faut écrire? Entre
13%
7 Tu es brillant(e), vraiment brillant(e). Qu'avons-nous là? Une suite, encore. "Brunei - Cambodge - Djibouti - Égypte - France - Grèce - Hongrie - Iran - Japon - Kosovo - Luxembourg - Moldavie - Namibie - ...". Tu sais quoi mettre pour continuer? Ouganda
13%
8 Oh la la la la mais quelle belle idée que tu as eu. Nous pouvons continuer. On dirait une salle historique. Encore une énigme... Bon, allons-y, ce n'est pas la première que nous résolvons.. Oui bon tu as fait tout le boulot, je te le concède. "La chute d'un mur est inverse à la chute de tours". Qu'est-ce que ce charabia. Oh on a six chiffres à placer, de 1 à 9 et on peut tous les réutiliser. Il n'y a aucun espace entre eux, comme dans la salle 6. Tu as une idée? 911119
11%
9 Excellent, il ne reste que deux salles. Qu'est-il écrit? "Isidor, Félix et Caramel sont des chats d'une même portée. Quelle est le nom de la mère." Oh la la, il faut trouver le nom de la mère? Mais je n'en ai aucune idée moi. Quelle
11%
10 Tu es génial, plus qu'une et on aura ga... Oui tu auras gagné. "2+4+6+8". C'est simple ça non? Non?. On a un ultime code à entrer pour sortir d'ici. 914 283
10%
Aucun quiz correspondant
Distribution des résultats
% des personnes avec chaque résultat
Percentile par nombre de réponses
Votre historique - résultats
Vous n’avez pas pris ce quiz